000 00307nam a22001457a 4500
008 210512b ||||| |||| 00| 0 eng d
020 _a1342742
041 _aeng
080 _a82
082 _a82
100 _a21
101 _aGJL
245 _aAmerican Poetry to 1914
_cHarold Bloom
942 _2udc
_cBK
999 _c57299
_d57299